| 000 | 01351cam a2200361 a 4500 | ||
|---|---|---|---|
| 001 | 1170906 | ||
| 003 | OSt | ||
| 005 | 20220202114534.0 | ||
| 008 | 960507s1996 inu bf 001 0 eng d | ||
| 010 | _a 96157725 | ||
| 020 | _a0873675274 | ||
| 035 | _a(OCoLC)34688510 | ||
| 040 |
_aTxSalA _cTxSalA _dDLC |
||
| 042 | _alccopycat | ||
| 050 | 0 | 0 | _aPE1408.F87 |
| 082 | 0 | 0 |
_a808/.042 _221 |
| 100 | 1 | _aFurnish, Bob. | |
| 245 | 1 | 0 | _aWrite right : an English handbook. / |
| 250 |
_aRev. and expanded / _bby Bob Furnish. |
||
| 260 |
_aBloomington, Ind. : _bPhi Delta Kappa, _c1996. |
||
| 300 |
_ax, 330 p. : _bill. ; _c23 cm. |
||
| 500 | _aRev. ed. of: Write right. 1980. | ||
| 500 | _a"The original edition ... was developed by members of the Stevens Point Area public schools ... as part of the Competency Based Education Program"--P. viii. | ||
| 504 | _aIncludes bibliographical references (319-320) and index. | ||
| 505 | _aContents: | ||
| 650 | 0 |
_aEnglish language _xComposition and exercises _xHandbooks, manuals, etc. |
|
| 650 | 0 |
_aEnglish language _xGrammar _xHandbooks, manuals, etc. |
|
| 650 | 0 |
_aReport writing _xHandbooks, manuals, etc. |
|
| 730 | 0 | _aWrite right. | |
| 906 |
_a7 _bcbc _ccopycat _d3 _encip _f19 _gy-gencatlg |
||
| 942 |
_2lcc _cBK |
||
| 999 |
_c8593 _d16093 |
||